Η καλλιέργεια της ζωής στο εργαστήριο : πώς τα κύτταρα έγιναν τεχνολογία

Saved in:
Bibliographic Details
Main Author: Landecker, Hannah
Format: Book
Language:Greek
Published: Αθήνα : Angelus Novus, 2017.
Subjects:
Tags: Add Tag
No Tags, Be the first to tag this record!

MARC

LEADER 00000nam a2200000 a 4500
001 1/126792
008 230606s2017####gr | ||| |||| ||gre||
020 |a 9786188323841 
040 |a GR-MyUa  |b gre  |c GR-MyUa  |e AACR2 
041 1 |a gre 
082 7 |a 571.638  |2 (23) 
100 1 |a Landecker, Hannah. 
245 1 2 |a Η καλλιέργεια της ζωής στο εργαστήριο :   |b πώς τα κύτταρα έγιναν τεχνολογία /   |c Hannah Landecker ; μετάφραση Ευαγγελία Τόμπορη ; επιστημονική επιμέλεια Τέλης Τύμπας.  
260 |a Αθήνα :   |b Angelus Novus,   |c 2017.  
300 |a 353 σ. ;   |c 21 εκ.  
500 |a Τίτλος πρωτοτύπου : Culturing life : how cells became technologies.  
504 |a Περιλαμβάνει ευρετήριο.  
650 0 |a Cell culture. 
650 0 |a Tissue culture 
650 0 |a Biotechnology 
852 |a INST  |b LESVOS  |c EUDOXUS  |e 20230606  |h 571.638 LAN  |p 005100064461  |q 005100064461  |t EDX  |y 0 
920 |a Εύδοξος  |b Παραγγελία  |y Λέσβος-ΤΚ  |z 2023-06 
970 |a Δημάκη  |b Μαρία  |z 06-06-2023